|
|
|
|
| LEADER |
01472nam a2200277 i 4500 |
| 001 |
GR-MES1915 |
| 003 |
GR-PaULI |
| 005 |
20240708085640.0 |
| 008 |
991111s1996 gr a g b 001 b eng d |
| 020 |
|
|
|a 0521468191
|
| 040 |
|
|
|a GrPaTEI
|b gre
|c GR-PaULI
|e AACR2
|
| 082 |
0 |
4 |
|2 23
|a 577.699
|
| 100 |
1 |
|
|9 111528
|a Fish, J. D.
|e συγγραφέας.
|
| 245 |
1 |
2 |
|a A student's guide to the seashore /
|c J. D. Fish και S. Fish.
|
| 250 |
|
|
|a 2η έκδ.
|
| 260 |
|
|
|a Cambridge :
|b Cambridge University Press,
|c 1996
|
| 300 |
|
|
|a xv, 564 σ. :
|b εικ. ;
|c 25 εκ.
|
| 504 |
|
|
|a Περιλαμβάνει βιβλιογραφία και ευρετήριο.
|
| 650 |
|
4 |
|a Παράκτια οικολογία
|9 127812
|
| 700 |
1 |
|
|a Fish, S.
|9 111530
|e συγγραφέας.
|
| 942 |
|
|
|2 ddc
|c BK
|
| 952 |
|
|
|0 0
|1 0
|2 ddc
|4 0
|6 577_699000000000000_FIS
|7 0
|9 266206
|a MSLG
|b MSLG
|c ALF
|d 2021-01-17
|e 24
|f 0
|g 0.00
|i 12429
|l 0
|o 577.699 FIS
|p 2420000012429
|r 2021-01-17 00:00:00
|t 3
|w 2021-01-17
|y BK15
|x 19991111 0 1
|x GrPaTEI
|
| 952 |
|
|
|0 0
|1 0
|2 ddc
|4 0
|6 577_699000000000000_FIS
|7 0
|9 266207
|a MSLG
|b MSLG
|c BSC
|d 2021-01-17
|e 24
|f 0
|g 0.00
|i 19777
|l 0
|o 577.699 FIS
|p 2420000019777
|r 2021-01-17 00:00:00
|t 1
|w 2021-01-17
|y BK15
|x 20050908 0 1
|x GrPaTEI
|
| 952 |
|
|
|0 0
|1 0
|2 ddc
|4 0
|6 577_699000000000000_FIS
|7 0
|9 266208
|a MSLG
|b MSLG
|c BSC
|d 2021-01-17
|e 24
|f 0
|g 0.00
|i 19778
|l 0
|o 577.699 FIS
|p 2420000019778
|r 2021-01-17 00:00:00
|t 2
|w 2021-01-17
|y BK15
|x 20050908 0 1
|x GrPaTEI
|
| 998 |
|
|
|c ΒΑΣΙΛΕΙΟΥ
|d 2024-07
|
| 999 |
|
|
|c 153099
|d 153099
|